Manual: inspección de obras dañadas por corrosión de armaduras

Збережено в:
Бібліографічні деталі
Автори: Feliú, Sebastián (Автор), Andrade, Carmen (Автор)
Формат: Книга
Мова:Іспанська
Опубліковано: Valladolid Acor 1989
Предмети:
Теги: Додати тег
Немає тегів, Будьте першим, хто поставить тег для цього запису!

MARC

LEADER 00000nam a2200000 a 4500
001 UCN8979
003 CL-VaPUC
008 011123e19890000sp |||||||||||||||||spa|d
082 0 4 |a 620.11223  |b FEL  |2 21 
100 0 |a Feliú, Sebastián  |e author  |9 465529 
700 0 |a Andrade, Carmen  |e author  |9 465530 
245 1 0 |a Manual: inspección de obras dañadas por corrosión de armaduras 
300 |a 122 p 
942 |c BK 
945 |d 20011123 00:00:00  |a cmena 
260 |a Valladolid  |b Acor  |c 1989 
650 0 |a Propiedades de los materiales  |9 465461 
650 0 |a Resistencia de materiales  |9 260095 
650 0 |a Diseño de estructuras  |9 260345 
650 7 |a CORROSION  |2 CL-VaPUC  |9 271912 
583 |a last modification  |c 20171004 01:35:43  |k Rodrigo Vera 
999 |c 298650  |d 298648 
952 |0 0  |1 0  |4 0  |6 620_112230000000000_FEL_1989  |7 0  |8 A  |9 354410  |a BIBING  |b BIBING  |d 2019-11-21  |i 376396K  |l 1  |o 620.11223 FEL 1989  |p 376396K  |r 2025-01-20  |s 2023-09-15  |w 2019-11-21  |y BK  |k CCL